00325nam a2200121Ia 4500008004100000041000800041082002100049100001000070245004500080260003800125300002900163365001100192240624s9999 xx 000 0 und d aeng a338.47620722 MUT aICFAI aCASE STUDIES ON GLOBAL AUTOMOBILE INDUST c2007aHyderabadbICFAI University av, : 264 : p. : cm. ; 25 cRSb25